LEADER 01451nam 2200361 450 001 9910678590803321 005 20230502143018.0 035 $a(CKB)5680000000300274 035 $a(NjHacI)995680000000300274 035 $a(EXLCZ)995680000000300274 100 $a20230502d2023 uy 0 101 0 $aeng 135 $aur||||||||||| 181 $ctxt$2rdacontent 182 $cc$2rdamedia 183 $acr$2rdacarrier 200 00$aCell death and disease /$fedited by Ke Xu 210 1$aLondon :$cIntechOpen,$d2023. 215 $a1 online resource (138 pages) 225 0 $aBiochemistry ;$v39 311 $a1-83768-244-5 311 $a1-83768-245-3 330 $aCell death is critical for embryo development and body growth. Several types of cell death have been discovered. The dysfunction of cell death is responsible for various diseases; however, the mechanism underlying cell death is not fully elucidated. Recent advances in cell death research have led to improved diagnosis, treatment, and clinical management of diverse diseases; however, novel therapeutic strategies are urgently needed. This book presents the most recent advances in cell death and related diseases. 606 $aCell death 615 0$aCell death. 676 $a571.936 702 $aXu$b Ke 801 0$bNjHacI 801 1$bNjHacl 906 $aBOOK 912 $a9910678590803321 996 $aCell death and disease$92002458 997 $aUNINA